Statistics for Longest Country Names Excluding Repeated Letters

Click here to take the quiz!

General Stats

  • This quiz has been taken 177 times
  • The average score is 6 of 21

Answer Stats

#Country% Correct
9United Kingdom
55%
10Uzbekistan
49%
10Turkmenistan
47%
11Dem. Rep. Congo
46%
11Switzerland
45%
11Republic of the Congo
44%
8Mozambique
42%
9South Africa
35%
8Luxembourg
33%
8Kyrgyzstan
31%
8Bosnia & Herzegovina
27%
10Dominican Republic
27%
8South Korea
27%
8Honduras
22%
8Portugal
21%
9Singapore
21%
9Burkina Faso
18%
8Slovenia
18%
8Suriname
15%
8Bangladesh
14%
8Maldives
9%

Score Distribution

Percentile by Number Answered

Percent of People with Each Score

Your Score History

You have not taken this quiz